00727cam a22002293a 45000010005000000030006000050050017000110080041000280400015000690420007000840500007000911000032000982450094001302600029002245060030002535160020002836530020003036530060003236530045003838300028004288560041004562116PGUSA20140828083010.0080616s2008||||xxu|||||s|||||000 | eng d aPGUSAbeng adc 4aDD1 aCarlyle, Thomas,d1795-188110aHistory of Friedrich II of Prussia — Volume 16h[electronic resource] /cThomas Carlyle bProject Gutenberg,c2008 aPublic domain in the USA. aElectronic text aSocial problems aPrussia (Germany) -- History -- Frederick II, 1740-1786 aFrederick II, King of Prussia, 1712-1786 0aProject Gutenbergv211640uhttp://www.gutenberg.org/ebooks/2116